Mycenaean pictorial vase painting /

Bibliographic Details
Main Author: Vermeule, Emily
Other Authors: Karageorghis, Vassos
Format: Book
Language:English
Published: Cambridge, Mass. : Harvard University Press, 1982.
Subjects:

MARC

Tag First Indicator Second Indicator Subfields
LEADER 00000pam a2200000 a 4500
001 in00000088513
005 20151008065111.0
008 800627s1982 maua b 00110 engm
010 |a  80018787  
020 |a 0674596501 
035 |a (OCoLC)06532328 
035 |9 AAK5352AM 
040 |a DLC  |c DLC  |d m.c.  |d TXA  |d UtOrBLW 
043 |a e-gr---  |a mm----- 
049 |a TXAM  |c [802222] 
050 0 0 |a NK4646  |b .V47 1982 
082 0 |a 738.3/7  |2 19 
100 1 |a Vermeule, Emily. 
245 1 0 |a Mycenaean pictorial vase painting /  |c Emily Vermeule, Vassos Karageorghis. 
264 1 |a Cambridge, Mass. :  |b Harvard University Press,  |c 1982. 
300 |a xii, 417 pages :  |b illustrations ;  |c 32 cm. 
336 |a text  |b txt  |2 rdacontent 
337 |a unmediated  |b n  |2 rdamedia 
338 |a volume  |b nc  |2 rdacarrier 
500 |a Includes indexes. 
504 |a Bibliography: pages 189-191. 
650 0 |a Vase-painting, Mycenaean. 
700 1 |a Karageorghis, Vassos. 
999 |a MARS 
999 f f |s 084a56c4-49f7-354a-bacf-8bbddc0a3f19  |i 9de5f559-455d-3d03-b261-1767c5dd96f6  |t 0 
952 f f |p normal  |a Texas A&M University  |b College Station  |c Sterling C. Evans Library  |d Evans: Library Stacks  |t 0  |e NK4646 .V47 1982  |h Library of Congress classification  |i unmediated -- volume  |m A14806463091 
998 f f |a NK4646 .V47 1982  |t 0  |l Evans: Library Stacks